Strukturnyj podchod k organizacii baz dannych

Salvato in:
Dettagli Bibliografici
Natura: Libro
Lingua:russo
Pubblicazione: Moskva Finansy i statistika 1983
Tags: Aggiungi Tag
Nessun Tag, puoi essere il primo ad aggiungerne!!

MARC

LEADER 00000nam a2200000 4500
001 c113946
005 20260130114755.3
041 0 |a rus 
044 |a RU 
245 1 0 |a Strukturnyj podchod k organizacii baz dannych  |c Shaku Atre ; [Perevod s anglijskogo A.A. Aleksandrova i V.I. Budzko] 
264 1 |a Moskva  |b Finansy i statistika  |c 1983 
300 |a 316 s.